书目信息 |
| 题名: |
变指数函数空间在偏微分方程上的应用
|
|
| 作者: | 张夏 , 付永强 著 | |
| 分册: | ||
| 出版信息: | 北京 科学出版社 2011 |
|
| 页数: | 127页 | |
| 开本: | 24cm | |
| 丛书名: | ||
| 单 册: | ||
| 中图分类: | O175.2 | |
| 科图分类: | ||
| 主题词: | 偏微分方程--研究 , 偏微分方程 | |
| 电子资源: | ||
| ISBN: | 978-7-03-030097-3 | |
| 000 | 01112nam0 2200265 45 | |
| 001 | 1138478641 | |
| 005 | 20110419101915.10 | |
| 010 | @a978-7-03-030097-3@dCNY26.00 | |
| 100 | @a20110409d2011 em y0chiy0110 ea | |
| 101 | 0 | @achi |
| 102 | @aCN@b110000 | |
| 105 | @aa a 000yy | |
| 106 | @ar | |
| 200 | 1 | @a变指数函数空间在偏微分方程上的应用@ABian Zhi Shu Han Shu Kong Jian Zai Pian Wei Fen Fang Cheng Shang De Ying Yong@f付永强,张夏著@FFu Yong Qiang, Zhang Xia Zhu |
| 210 | @a北京@c科学出版社@d2011 | |
| 215 | @a127页@c图@d24cm | |
| 320 | @a有书目 (第121-127页) | |
| 330 | @a本书主要内容包括:具次临界增长的p (x) -Laplace方程弱解的存在性,集中紧致性原理与有界区域上具临界增长的p (x) -Laplace方程弱解的存在性,p (x) -Laplace半变分不等式解的存在性,具p (x) 增长的障碍问题解的存在唯一性,变指数增长的增长的隋圆方程组解的存在性与多重性,变指数增长的抛物方程弱解的存在性等。 | |
| 606 | 0 | @a偏微分方程@x研究 |
| 606 | 0 | @a偏微分方程 |
| 690 | @aO175.2@v4 | |
| 701 | 0 | @a张夏@AZhang Xia@4著 |
| 701 | 0 | @a付永强@AFu Yong Qiang@4著 |
| 801 | 0 | @aCN@bTANGWEI@c20110419 |
| 905 | @b0536070-74@dO175.2@e129@f5 | |
| 变指数函数空间在偏微分方程上的应用/付永强,张夏著.-北京:科学出版社,2011 |
| 127页:图;24cm |
| ISBN 978-7-03-030097-3:CNY26.00 |
| 本书主要内容包括:具次临界增长的p (x) -Laplace方程弱解的存在性,集中紧致性原理与有界区域上具临界增长的p (x) -Laplace方程弱解的存在性,p (x) -Laplace半变分不等式解的存在性,具p (x) 增长的障碍问题解的存在唯一性,变指数增长的增长的隋圆方程组解的存在性与多重性,变指数增长的抛物方程弱解的存在性等。 |
| ● |
| 相关链接 |
|
|
|
|
正题名:变指数函数空间在偏微分方程上的应用
索取号:O175.2/129
 
预约/预借
| 序号 | 登录号 | 条形码 | 馆藏地/架位号 | 状态 | 备注 |
| 1 | 0536070 | 205360704 | 第二样本阅览室/ [索取号:O175.2/129] | 在馆 | |
| 2 | 0536071 | 205360713 | 第三借阅区/ [索取号:O175.2/129] | 在馆 | |
| 3 | 0536072 | 205360722 | 第三借阅区/ [索取号:O175.2/129] | 在馆 | |
| 4 | 0536073 | 205360731 | 第三借阅区/ [索取号:O175.2/129] | 在馆 | |
| 5 | 0536074 | 205360740 | 第三借阅区/ [索取号:O175.2/129] | 在馆 |